01018nam a2200301Ic 450000100060000000300100000600500170001600700030003300800410003602000180007704000350009504100080013008200170013810000370015524500710019225000220026326400560028530000650034133600270040633700330043333800280046665000390049465000380053365000460057165000340061765000340065165000310068559099CO-BoRNBP20250909162704.0ta180815s2016 ck a g 000 0 spa  a9789587322217 aCO-BoRNBPbspaerdacCO-BoRNBP aspa04a370.71bC67r aCorchuelo Mora, Miguel Hugoeaut10aReflexiones para educar en ciencias /cMiguel Hugo Corchuelo Mora. aPrimera edición 1aPopayán, Colombia :bUniversidad del Cauca,c2016 a165 páginas :bilustraciones y gráficas a blanco y negro atextobtxt2rdacontent asin mediaciónbn2rdamedia avolumenbnc2rdacarrier07aEducaciónxInvestigaciones2LEMB07aEnseñanza de las ciencias2lemb07aFormación profesional de maestros2lemb07aInnovaciones educativas2lemb07aTeoria Del Conocimiento2LEMB07aCienciaxEnseñanza2LEMB